| 000 -LEADER |
| fixed length control field |
00578nam a2200205Ia 4500 |
| 001 - CONTROL NUMBER |
| control field |
7850 |
| 003 - CONTROL NUMBER IDENTIFIER |
| control field |
GE_BSU |
| 005 - DATE AND TIME OF LATEST TRANSACTION |
| control field |
20221116110524.0 |
| 008 - FIXED-LENGTH DATA ELEMENTS--GENERAL INFORMATION |
| fixed length control field |
181216s2006fr xx |||||||||||||| ||fre|| |
| 020 ## - INTERNATIONAL STANDARD BOOK NUMBER |
| International Standard Book Number |
9780007232635 x |
| 040 ## - CATALOGING SOURCE |
| Transcribing agency |
GE_BSU |
| 041 ## - LANGUAGE CODE |
| Language code of text/sound track or separate title |
fre |
| 080 ## - UNIVERSAL DECIMAL CLASSIFICATION NUMBER |
| Universal Decimal Classification number |
81'374=811.133.1 C-70 |
| 245 ## - TITLE STATEMENT |
| Title |
Collins French Dictionary |
| 264 ## - PRODUCTION, PUBLICATION, DISTRIBUTION, MANUFACTURE, AND COPYRIGHT NOTICE |
| Place of production, publication, distribution, manufacture |
Glasgov: |
| Name of producer, publisher, distributor, manufacturer |
International Edition, |
| Date of production, publication, distribution, manufacture, or copyright notice |
2006. |
| 300 ## - PHYSICAL DESCRIPTION |
| Extent |
436 p.: |
| Dimensions |
17 cm. |
| 653 ## - INDEX TERM--UNCONTROLLED |
| keyword |
Collins French Dictionary |
| 653 ## - INDEX TERM--UNCONTROLLED |
| keyword |
კოლინზის ფრანგული ლექსიკონი |
| 942 ## - ADDED ENTRY ELEMENTS (KOHA) |
| Koha item type |
წიგნი |
| Source of classification or shelving scheme |
|